Welcome to the Holygrace Academy Library

Please use search bar below to get started

MAKE LEADERSHIP YOUR TARGET (Record no. 5447)

MARC details
000 -LEADER
fixed length control field 00290nam a22001217a 4500
082 ## - DEWEY DECIMAL CLASSIFICATION NUMBER
Classification number 158
Item number KAI/M
100 ## - MAIN ENTRY--AUTHOR NAME
Personal name KAITHOLIL,GEORGE
245 ## - TITLE STATEMENT
Title MAKE LEADERSHIP YOUR TARGET
260 ## - PUBLICATION, DISTRIBUTION, ETC. (IMPRINT)
Place of publication MUMBAI
Name of publisher BETTER YOURSELF BOOKS
300 ## - PHYSICAL DESCRIPTION
Number of Pages 123
650 ## - SUBJECT ADDED ENTRY--TOPICAL TERM
Topical Term PERSONALITY DEVELOPMENT
Geographic subdivision MUMBAI
942 ## - ADDED ENTRY ELEMENTS (KOHA)
Koha item type Books
Holdings
Withdrawn status Lost status Collection code Home library Current library Shelving location Date acquired Source of acquisition Full call number Accession Number Koha item type
    Reference Main Library Main Library SHELF-17H-PERSONALITY DEVELOPMENT BOOKS 20/10/2012 PURCHASE 158 KAI/M 07037 Books